Представление документа в формате RUSMARC

ПолеНазваниеЗначение
  Тип записи a
  Библиографический уровень m
001 Контрольный номер RU/SLIB/B/208738970
005 Дата корректировки 20201206204049.0
010 Индекс ISBN __
d Цена 0-25
101 Язык документа __
a Язык текста rus
200 Заглавие и сведения об ответственности __
a Заглавие Технология приготовления напитков в общественном питании
b Общее обозначение материала Текст
205 Сведения об издании __
a Основные сведения об издании 2-е изд., перераб. и доп.
210 Выходные данные __
a Место издания М.
c Издательство Экономика
d Дата издания 1980
215 Физическое описание __
a Объем 96 с.
606 Тематические рубрики __
a Основная рубрика Производство безалкогольных напитков
610 Ключевые слова __
a Ключевые слова безалкогольные напитки
686 Индексы других классификаций __
a Классификационный индекс 36.88
700 Автор __
a Фамилия Бруннек
b Имя Н. И.
4 Код отношения 070
701 Альтернативная интеллектуальная ответственность __
a Фамилия Морозов
b Имя А.Т.
701 Альтернативная интеллектуальная ответственность __
a Фамилия Ловачева
b Имя Г.Н.
801 Источник записи _0
a Страна RU
b Организация Муниципальное бюджетное учреждение культуры "Централизованная библиотечная система" г. Сургут (Центральная городская библиотека им. А. С. Пушкина)
g Правила каталогизации КиК/Лебедева
801 Источник записи _1
a Страна RU
b Организация Муниципальное бюджетное учреждение культуры "Централизованная библиотечная система" г. Сургут (Центральная городская библиотека им. А. С. Пушкина)
g Правила каталогизации КиК/Лебедева
852 Данные о местонахождении __
j Шифр хранения 36.88
c Каталожный индекс 36.88
i Авторский знак Б 89
p Инвентарный номер 3392
901 Тип документа __
t Тип документа m
990 Данные о заказе (DOS) __
j Количество экземпляров (DOS) 1